|
|
|
|
| LEADER |
01157nam a2200229 i 4500 |
| 003 |
GR-PaULI |
| 005 |
20210117210419.0 |
| 008 |
170630b2007 gr ||||g |||| 00| j gre d |
| 020 |
|
|
|a 9789608256668
|
| 040 |
|
|
|a GR-PaULI
|b gre
|c GR-PaULI
|e AACR2
|
| 082 |
0 |
4 |
|2 23
|a 889.334
|
| 100 |
1 |
|
|9 102425
|a Παπαθανασόπουλος, Θάνος Γ.
|d 1953-
|e συγγραφέας
|
| 245 |
1 |
2 |
|a Ο πληγωμένος άγγελος :
|b και άλλα διηγήματα /
|c Θανάσης Παπαθανασόπουλος.
|
| 260 |
|
|
|a Αθήνα :
|b Ηρόδοτος,
|c 2007.
|
| 300 |
|
|
|a 119 σ. ;
|c 24 εκ.
|
| 490 |
1 |
|
|a Litteratura / Ηρόδοτος
|
| 830 |
|
|
|9 163036
|a Litteratura (Ηρόδοτος)
|
| 942 |
|
|
|2 ddc
|c BK15
|
| 952 |
|
|
|0 0
|1 0
|2 ddc
|4 0
|6 889_334000000000000_ΠΑΠ
|7 0
|9 213626
|a LISP
|b LISP
|c DON
|d 2017-06-30
|e ΒΑΛ
|i 126885
|l 0
|o 889.334 ΠΑΠ
|p 025000245811
|r 2017-06-30 00:00:00
|t 1
|v 2017.00
|w 2017-06-30
|y BK15
|
| 952 |
|
|
|0 0
|1 0
|2 ddc
|4 0
|6 889_334000000000000_ΠΑΠ
|7 0
|9 364340
|a LISP
|b LISP
|c DON
|d 2022-09-19
|e ΠΑΤ
|i 147946
|l 0
|o 889.334 ΠΑΠ
|p 025000274062
|r 2022-09-19 00:00:00
|t 2
|w 2022-09-19
|y BKN
|
| 998 |
|
|
|c ΣΑΤΛΑΝΗΣ
|d 2017-07
|
| 999 |
|
|
|c 129914
|d 129914
|